El trabajo forzoso de los indígenas en la política colonial guatemalteca : Siglo XVII /

সংরক্ষণ করুন:
গ্রন্থ-পঞ্জীর বিবরন
প্রধান লেখক: Webre, Sephen
বিন্যাস: অজ্ঞাত
ভাষা:Spanish
বিষয়গুলি:
ট্যাগগুলো: ট্যাগ যুক্ত করুন
কোনো ট্যাগ নেই, প্রথমজন হিসাবে ট্যাগ করুন!

MARC

LEADER 000000000a22000000004500
001 004578
041 0 |a spa 
100 1 |a Webre, Sephen 
245 1 3 |a El trabajo forzoso de los indígenas en la política colonial guatemalteca :   |b Siglo XVII /   |c Sephen Webre. 
310 |a semestral 
650 4 |a GUATEMALA 
650 4 |a HISTORIA 
650 4 |a SIGLO XVII 
650 4 |a EXPLOTACION INDIGENAS 
650 4 |a INDIGENAS GUATEMALTECOS 
650 4 |a MENCOR, MARTIN CARLOS DE 
773 0 |x 0377-7316  |d San José, Costa Rica : Instituto de Investigaciones Sociales  |t Anuario de Estudios Centroamericanos  |g volumen 13, número 2 (1987) 
942 |c ARC 
999 |c 11413  |d 11413